Formulaire des maladies des voies urinaires / (Record no. 158577)

MARC details
000 -LEADER
campo de control de longitud fija 00865nam a2200193 i 4500
001 - NÚMERO DE CONTROL
campo de control 158577
003 - IDENTIFICADOR DE NÚMERO DE CONTROL
campo de control ES-MaACL
005 - FECHA Y HORA DE LA ÚLTIMA TRANSACCIÓN
campo de control 20230906211223.0
008 - DATOS DE LONGITUD FIJA--INFORMACIÓN GENERAL
campo de control de longitud fija 040831s1883 fr |||| | fre d
040 ## - FUENTE DE CATALOGACIÓN
Centro catalogador/agencia de origen CAM
Lengua de catalogación spa
Centro/agencia transcriptor CAM
100 1# - ENTRADA PRINCIPAL--NOMBRE DE PERSONA
Nombre de persona Mallez, François.
9 (RLIN) 129390
245 10 - MENCIÓN DEL TÍTULO
Título Formulaire des maladies des voies urinaires /
Mención de responsabilidad, etc. par F. Mallez; notes thérapeutique et cliniques recueillies à la clinique de la rue Christine.
260 ## - PUBLICACIÓN, DISTRIBUCIÓN, ETC.
Lugar de publicación, distribución, etc. Paris :
Nombre del editor, distribuidor, etc. Adrien Delahaye et Emile Lecrosnier éditeurs,
Fecha de publicación, distribución, etc. 1883 (
Lugar de fabricación/manufactura Corbeil :
Fabricante Typ. et stér. Créte)
300 ## - DESCRIPCIÓN FÍSICA
Extensión 292 p. ;
Dimensiones 17 cm.
500 ## - NOTA GENERAL
Nota general En port.: notes thérapeutiques et cliniques recueillies à la Clinique de la rue Christine.
504 ## - NOTA DE BIBLIOGRAFÍA, ETC.
Nota de bibliografía, etc. Índice.
650 #4 - PUNTO DE ACCESO ADICIONAL DE MATERIA--TÉRMINO DE MATERIA
Término de materia o nombre geográfico como elemento de entrada Aparato urinario-
Subdivisión general Enfermedades.
9 (RLIN) 9913
852 ## - LOCALIZACIÓN
Ubicación ES-MaACL
Número de control de estantería G-10350
Nota libre -- Enc. hol. conservando la cub. original
-- -- Legado Gustavo Saenz Diez
Holdings
Estatus retirado Estado de pérdida Estado de daño No para préstamo Colección Biblioteca de origen Biblioteca actual Ubicación en estantería Fecha de adquisición Fuente de adquisición Total de préstamos Signatura topográfica completa Código de barras Visto por última vez Precio de reemplazo Tipo de ítem Koha
        Libros del s. XIX Biblioteca del Ateneo de Madrid Biblioteca del Ateneo de Madrid Sala Pecera Planta 3 17/01/2008     G-10350 1165977 23/02/2023 23/02/2023 Libro impreso antiguo